| 000 | 00789nam a2200253 i 4500 | ||
|---|---|---|---|
| 001 | 57213 | ||
| 003 | ES-MaACL | ||
| 005 | 20230906163532.0 | ||
| 007 | t| | ||
| 008 | 031015s1986 sp ||||1| spa d | ||
| 020 | _a84-205-1448-9 | ||
| 245 | 0 | 0 |
_aDocumentos de historia del mundo contemporáneo / _cJosé Mira, Dolores Arias, Lourdes Esteban. |
| 250 | _a1ª ed. | ||
| 260 |
_aMadrid : _bAlhambra, _c1986. |
||
| 300 |
_a803 p. : _bil. ; _c24 cm. |
||
| 490 | 1 | _aBiblioteca de orientación universitaria | |
| 504 | _aBibliografía. | ||
| 700 | 1 |
_aMira, José. _981447 |
|
| 700 | 1 |
_aArias, Dolores. _922743 |
|
| 700 | 1 |
_aEsteban, Lourdes. _948036 |
|
| 830 | 0 |
_aBiblioteca de orientación universitaria _9230421 |
|
| 852 |
_aES-MaACL _jL-10585 _bR.112475 |
||
| 999 |
_c57213 _d57213 |
||